00398 2200157 4500001002100000008004100021035002000062245003800082100001400120260002800134300002200162020002200184084001400206082000800220990001200228INLIS000000000002818 IND  a0010-0925000165 aAkulah Malaikat HatimucRatha DKS aRatha DKS aJakartabEuthaniac2014 a144c(13 x 19 cm) a978-602-1310-51-9 a813 RAT c a813 a0755040